000 00443nam a2200145Ia 4500
008 210716s1987 xx 000 0 und d
041 _aeng
082 _a004 BHAS
100 _aBhattacharjea, Suman;Mithal, Anant Kartik.
245 _aLearning with computers.
_bComputer activities for schools.
250 _a1
260 _aNew Delhi
_bA H Wheelers and Company
_c1987
300 _aIX,189
650 _aData processing, Computer science(004)
999 _c180900
_d180900